000 00687nam a2200241 a 4500
999 _c2417
_d2417
005 20191224041635.0
008 180116b xxu||||| |||| 00| 0 spa d
040 _aCO-BoIAVH
_cCO-BoIAVH
041 _aspa
044 _ack
090 _aIND-I
_b51
110 _bInderena
245 _aDiagnostico preliminar y políticas del Inderena con respecto a fauna silvestre
260 _aBogotá
_bInderena
_c1990
300 _a31 páginas
650 1 4 _aFauna silvestre
650 1 4 _aPolítica
650 1 4 _aManejo de recursos
650 1 4 _aValoración ambiental
650 1 4 _aValoración económica
662 _aColombia
942 _cINFORME
_2z